[Event "GER HS-245 email"]
[Site "GER email"]
[Date "2018.09.24"]
[Round "?"]
[White "Angermann, Immo Frank"]
[Black "Dahm, Winfried Karl"]
[Result "1/2-1/2"]
[WhiteElo "1786"]
[BlackElo "1810"]
[PlyCount "70"]
[EventDate "2018.10.03"]
[EventType "tourn (corr)"]
[EventRounds "6"]
[EventCountry "GER"]
[SourceTitle "Corr 2022"]
[Source "ChessBase"]
[SourceDate "2021.10.24"]
[SourceVersion "1"]
[SourceVersionDate "2021.10.24"]
[SourceQuality "1"]

1. e4 c5 2. Nf3 Nc6 3. d4 cxd4 4. Nxd4 e5 5. Nb5 d6 6. N1c3 a6 7. Na3 Be6 8. Nc4 b5 9. Ne3 Nf6 10. Bd3 Nb4 11. a4 Nxd3+ 12. Qxd3 b4 13. Ncd5 Nxd5 14. Nxd5 Bxd5 15. Qxd5 Qc8 16. Be3 Be7 17. c4 bxc3 18. Rc1 Rb8 19. Rxc3 Qe6 20. Qa5 Qg4 21. 0-0 Qxe4 22. Ba7 Bd8 23. Qxa6 Qb7 24. Qxd6 Qxa7 25. Qxe5+ Kf8 26. Rfc1 Qb7 27. h4 h5 28. Rc6 Ra8 29. Qd4 Qa7 30. Qd5 Qxa4 31. b3 Qa7 32. Rd6 Bxh4 33. g3 Bxg3 34. Rd8+ Ke7 35. Qg5+ f6 1/2-1/2

[Event "GER HS-236 email"]
[Site "GER email"]
[Date "2018.02.10"]
[Round "?"]
[White "Bermueller, Nadine"]
[Black "Angermann, Immo Frank"]
[Result "1-0"]
[WhiteElo "2034"]
[BlackElo "1843"]
[PlyCount "81"]
[EventDate "2018.02.19"]
[EventType "tourn (corr)"]
[EventRounds "6"]
[EventCountry "GER"]
[SourceTitle "Corr 2022"]
[Source "ChessBase"]
[SourceDate "2021.10.24"]
[SourceVersion "1"]
[SourceVersionDate "2021.10.24"]
[SourceQuality "1"]

1. e4 c6 2. d4 d5 3. Nd2 dxe4 4. Nxe4 Bf5 5. Ng3 Bg6 6. N1e2 Nf6 7. Nf4 e5 8. dxe5 Qxd1+ 9. Kxd1 Ng4 10. Nxg6 hxg6 11. Ne4 Nxe5 12. Be2 Nbd7 13. f4 f5 14. Ng5 Nf7 15. Nxf7 Kxf7 16. Bc4+ Ke8 17. h3 b5 18. Re1+ Be7 19. Bf1 Rd8 20. c3 Nc5+ 21. Kc2 Ne4 22. Be3 Bh4 23. Red1 Ke7 24. Bxa7 Rxd1 25. Rxd1 Ra8 26. Bb6 Bg3 27. Bd3 Rxa2 28. Bxe4 fxe4 29. Kb1 Ra4 30. Bc5+ Ke6 31. Rd6+ Kf5 32. Rd8 e3 33. Bxe3 Re4 34. Rf8+ Ke6 35. Bd2 Ke7 36. Rg8 Kf7 37. Rc8 Re2 38. Kc1 Rxg2 39. Rc7+ Kg8 40. Rxc6 Kh7 41. Rb6 1-0

[Event "GER rap16 FSM/V04 email"]
[Site "GER email"]
[Date "2018.01.15"]
[Round "?"]
[White "Krebs, Juergen"]
[Black "Angermann, Immo Frank"]
[Result "1-0"]
[WhiteElo "2076"]
[BlackElo "1756"]
[PlyCount "33"]
[EventDate "2018.01.20"]
[EventType "tourn (corr)"]
[EventRounds "4"]
[EventCountry "GER"]
[SourceTitle "Corr 2020"]
[Source "ChessBase"]
[SourceDate "2019.09.30"]
[SourceVersion "1"]
[SourceVersionDate "2019.09.30"]
[SourceQuality "1"]

1. e4 c6 2. d4 d5 3. Nd2 dxe4 4. Nxe4 Bf5 5. Ng3 Bg6 6. h4 h6 7. Nf3 e6 8. Ne5 Bh7 9. Bd3 Bxd3 10. Qxd3 Nf6 11. Bd2 Be7 12. 0-0-0 Nbd7 13. f4 Nb6 14. f5 Qd5 15. c4 Qxg2 16. Rdg1 Qf2 17. Be3 1-0

[Event "GER rap16 FSM/V04 email"]
[Site "GER email"]
[Date "2018.01.15"]
[Round "?"]
[White "Nitschke, Norbert"]
[Black "Angermann, Immo Frank"]
[Result "1-0"]
[WhiteElo "1801"]
[BlackElo "1756"]
[PlyCount "49"]
[EventDate "2018.01.20"]
[EventType "tourn (corr)"]
[EventRounds "4"]
[EventCountry "GER"]
[SourceTitle "Corr 2020"]
[Source "ChessBase"]
[SourceDate "2019.09.30"]
[SourceVersion "1"]
[SourceVersionDate "2019.09.30"]
[SourceQuality "1"]

1. e4 c6 2. Nc3 d5 3. Nf3 d4 4. Ne2 d3 5. Ng3 dxc2 6. Qxc2 e6 7. d4 Bb4+ 8. Bd2 Bxd2+ 9. Qxd2 Ne7 10. Bd3 Nd7 11. 0-0 0-0 12. e5 Nd5 13. Rfe1 h6 14. Rac1 N7b6 15. Bb1 Qe7 16. Qd3 g6 17. Re4 Kg7 18. Nh5+ Kh8 19. Qd2 Kh7 20. a3 Bd7 21. Rg4 f5 22. exf6 Nxf6 23. Bxg6+ Kh8 24. Qxh6+ Nh7 25. Ng5 1-0

[Event "GER HS-233 email"]
[Site "GER email"]
[Date "2017.11.14"]
[Round "?"]
[White "Angermann, Immo Frank"]
[Black "Hagen, Joerg"]
[Result "1-0"]
[WhiteElo "1881"]
[BlackElo "1756"]
[PlyCount "27"]
[EventDate "2017.11.21"]
[EventType "tourn (corr)"]
[EventRounds "6"]
[EventCountry "GER"]
[SourceTitle "Corr 2022"]
[Source "ChessBase"]
[SourceDate "2021.10.24"]
[SourceVersion "1"]
[SourceVersionDate "2021.10.24"]
[SourceQuality "1"]

1. e4 c5 2. f4 d5 3. e5 Nh6 4. g3 Nc6 5. d3 Nf5 6. Nf3 e6 7. c3 b6 8. d4 h5 9. Bd3 g6 10. Na3 cxd4 11. cxd4 Bxa3 12. bxa3 0-0 13. Bxf5 exf5 14. Bd2 1-0

[Event "GER OS-326 email"]
[Site "GER email"]
[Date "2017.08.22"]
[Round "?"]
[White "Angermann, Immo Frank"]
[Black "Gottsmann, Lothar"]
[Result "1-0"]
[WhiteElo "1881"]
[BlackElo "1393"]
[PlyCount "83"]
[EventDate "2017.08.25"]
[EventType "tourn (corr)"]
[EventRounds "6"]
[EventCountry "GER"]
[SourceTitle "Corr 2020"]
[Source "ChessBase"]
[SourceDate "2019.09.30"]
[SourceVersion "1"]
[SourceVersionDate "2019.09.30"]
[SourceQuality "1"]

1. e4 c5 2. Nf3 d6 3. d4 cxd4 4. Nxd4 Nf6 5. Nc3 a6 6. Be2 e5 7. Nb3 Be7 8. Qd3 0-0 9. 0-0 Bd7 10. Re1 Nc6 11. a3 h6 12. Bd2 Rc8 13. h3 Re8 14. Qg3 Kh8 15. Be3 b5 16. Bd3 Be6 17. Rad1 Qc7 18. Qf3 Qb7 19. Nd5 Bd8 20. Bxh6 Kh7 21. Bg5 Nd7 22. Qh5+ Kg8 23. Bxd8 Rexd8 24. c3 Nf8 25. Re3 Ne7 26. Bc2 Nxd5 27. exd5 Bxd5 28. Rg3 Rd7 29. Qh6 g6 30. Na5 Qa8 31. h4 Be4 32. Bb3 d5 33. h5 Re8 34. hxg6 Bxg6 35. c4 bxc4 36. Ba4 Rd6 37. Nxc4 Rf6 38. Bxe8 dxc4 39. Qg5 Nh7 40. Qxe5 Qa7 41. Rd4 c3 42. bxc3 1-0

[Event "GER T265-C92-S email"]
[Site "GER email"]
[Date "2017.06.06"]
[Round "?"]
[White "Angermann, Immo Frank"]
[Black "Schild, Reinhard"]
[Result "1/2-1/2"]
[WhiteElo "1756"]
[BlackElo "1926"]
[PlyCount "90"]
[EventDate "2017.06.08"]
[EventType "tourn (corr)"]
[EventRounds "8"]
[EventCountry "GER"]
[SourceTitle "Corr 2020"]
[Source "ChessBase"]
[SourceDate "2019.09.30"]
[SourceVersion "1"]
[SourceVersionDate "2019.09.30"]
[SourceQuality "1"]

1. e4 e5 2. Nf3 Nc6 3. Bb5 a6 4. Ba4 Nf6 5. 0-0 Be7 6. Re1 b5 7. Bb3 d6 8. c3 0-0 9. h3 Bb7 10. Bc2 Re8 11. d3 d5 12. exd5 Nxd5 13. Nbd2 Bf8 14. a3 Qd7 15. Ne4 Kh8 16. Be3 Nxe3 17. Rxe3 f5 18. Neg5 Bd6 19. b4 Re7 20. Nh4 g6 21. Bb3 Qe8 22. g4 h6 23. gxf5 gxf5 24. Nxf5 Qg6 25. Nxe7 Nxe7 26. Rg3 hxg5 27. h4 g4 28. Qxg4 Qh7 29. Be6 Rf8 30. Rd1 Nf5 31. Bxf5 Rxf5 32. Qg6 Qxg6 33. Rxg6 Rf4 34. Kf1 Kh7 35. Rg5 Bf3 36. Re1 Rxh4 37. Re3 e4 38. dxe4 Bxe4 39. Rg1 Bd5 40. Ke2 Rh2 41. Ke1 Rh6 42. Ke2 Bc4+ 43. Kd1 Bb3+ 44. Ke2 Rh5 45. Rg4 Bc4+ 1/2-1/2

[Event "GER OS-321 email"]
[Site "GER email"]
[Date "2017.05.31"]
[Round "?"]
[White "Gebauer, Klaus"]
[Black "Angermann, Immo Frank"]
[Result "0-1"]
[WhiteElo "1496"]
[BlackElo "1686"]
[PlyCount "110"]
[EventDate "2017.06.06"]
[EventType "tourn (corr)"]
[EventRounds "6"]
[EventCountry "GER"]
[SourceTitle "Corr 2020"]
[Source "ChessBase"]
[SourceDate "2019.09.30"]
[SourceVersion "1"]
[SourceVersionDate "2019.09.30"]
[SourceQuality "1"]

1. e4 c6 2. d4 d5 3. Nc3 dxe4 4. Nxe4 Bf5 5. Ng3 Bg6 6. Nf3 e6 7. h4 h6 8. Ne5 Bh7 9. Bf4 Nf6 10. a3 Nd5 11. Bd2 Nd7 12. c4 N5f6 13. Qf3 Be7 14. 0-0-0 Qc7 15. Bf4 Bd6 16. Bd3 Nxe5 17. Bxe5 Bxe5 18. dxe5 Qxe5 19. Rhe1 Qc7 20. Bxh7 Nxh7 21. Nh5 0-0 22. Qc3 f6 23. Qh3 Rfe8 24. Re3 f5 25. Qf3 Nf8 26. Qe2 Re7 27. Red3 g6 28. Rg3 e5 29. Nf6+ Kf7 30. Nh5 f4 31. Rgd3 Rae8 32. g3 e4 33. Rd6 f3 34. Qe3 gxh5 35. Qxh6 Qa5 36. Rf6+ Kg8 37. Kb1 Qe5 38. Re1 Re6 39. Rxe6 Rxe6 40. Qe3 Nd7 41. Rd1 Nf6 42. Rd8+ Re8 43. Rxe8+ Qxe8 44. Qg5+ Kf7 45. Qe3 b6 46. c5 Ng4 47. Qb3+ Qe6 48. Qa4 b5 49. Qxa7+ Kg6 50. Qb8 Nxf2 51. Qd8 Nh3 52. Qf8 f2 53. b4 e3 54. Qf3 Qf5+ 55. Qxf5+ Kxf5 0-1

[Event "GER OS-319 email"]
[Site "GER email"]
[Date "2017.05.08"]
[Round "?"]
[White "Angermann, Immo Frank"]
[Black "Pelzer, Martin"]
[Result "1/2-1/2"]
[WhiteElo "1756"]
[BlackElo "1835"]
[PlyCount "72"]
[EventDate "2017.05.12"]
[EventType "tourn (corr)"]
[EventRounds "6"]
[EventCountry "GER"]
[SourceTitle "Corr 2020"]
[Source "ChessBase"]
[SourceDate "2019.09.30"]
[SourceVersion "1"]
[SourceVersionDate "2019.09.30"]
[SourceQuality "1"]

1. e4 c5 2. Nf3 e6 3. d4 cxd4 4. Nxd4 a6 5. Be2 b5 6. a3 Bb7 7. Nc3 Qc7 8. f4 b4 9. axb4 Bxb4 10. Qd3 Nf6 11. e5 Ne4 12. 0-0 Nxc3 13. bxc3 Bc5 14. Be3 0-0 15. Rfb1 Rc8 16. Kh1 Be7 17. c4 Nc6 18. Nf3 Rcb8 19. Bb6 Qc8 20. c3 Nd8 21. Ng5 g6 22. Qe3 h6 23. Nf3 a5 24. h4 h5 25. Ng5 a4 26. c5 Bxg5 27. hxg5 Nc6 28. Bb5 a3 29. Qd2 Ba6 30. c4 Bxb5 31. cxb5 Ne7 32. Rb3 Nd5 33. Qd4 Nxb6 34. cxb6 Qc2 35. Rc3 Qe2 36. Rb3 Qc2 1/2-1/2

[Event "GER OS-319 email"]
[Site "GER email"]
[Date "2017.05.08"]
[Round "?"]
[White "Heyn, Wolfgang"]
[Black "Angermann, Immo Frank"]
[Result "1/2-1/2"]
[WhiteElo "1915"]
[BlackElo "1756"]
[PlyCount "66"]
[EventDate "2017.05.12"]
[EventType "tourn (corr)"]
[EventRounds "6"]
[EventCountry "GER"]
[SourceTitle "Corr 2022"]
[Source "ChessBase"]
[SourceDate "2021.10.24"]
[SourceVersion "1"]
[SourceVersionDate "2021.10.24"]
[SourceQuality "1"]

1. e4 c6 2. d4 d5 3. Nc3 dxe4 4. Nxe4 Bf5 5. Ng3 Bg6 6. h4 h6 7. Nf3 Nd7 8. h5 Bh7 9. Bd3 Bxd3 10. Qxd3 Ngf6 11. Bf4 Qa5+ 12. Bd2 Qc7 13. 0-0-0 e6 14. Ne4 Be7 15. Nxf6+ Nxf6 16. Ne5 Rd8 17. Qg3 Rxd4 18. Qxg7 Rh7 19. Qg3 Rh8 20. Bc3 Ne4 21. Qf3 Bg5+ 22. Kb1 Rxd1+ 23. Rxd1 Nxc3+ 24. Qxc3 Bf6 25. f4 Rg8 26. Qd4 a5 27. Qa7 Bxe5 28. fxe5 Rxg2 29. Qa8+ Ke7 30. Qh8 Rf2 31. Re1 Rf5 32. Qxh6 Rxe5 33. Rf1 Rf5 1/2-1/2

[Event "GER T259-C03-S email"]
[Site "GER email"]
[Date "2017.04.22"]
[Round "?"]
[White "Angermann, Immo Frank"]
[Black "Hoexter, Heinrich"]
[Result "0-1"]
[WhiteElo "1756"]
[BlackElo "2048"]
[PlyCount "94"]
[EventDate "2017.04.28"]
[EventType "tourn (corr)"]
[EventRounds "8"]
[EventCountry "GER"]
[SourceTitle "Corr 2020"]
[Source "ChessBase"]
[SourceDate "2019.09.30"]
[SourceVersion "1"]
[SourceVersionDate "2019.09.30"]
[SourceQuality "1"]

1. e4 e6 2. d4 d5 3. Nd2 Nf6 4. e5 Nfd7 5. f4 c5 6. Ngf3 cxd4 7. Nb3 Nc6 8. Nbxd4 Be7 9. c3 Nc5 10. Be3 0-0 11. g3 Bd7 12. Nb3 b6 13. Be2 a5 14. 0-0 a4 15. Nbd4 Ne4 16. Nxc6 Bxc6 17. Nd4 Bc5 18. Bd3 Qd7 19. Qe2 a3 20. b4 Nxc3 21. Qc2 Bxd4 22. Bxd4 Ne4 23. Rfc1 Bb5 24. Bxe4 dxe4 25. Qxe4 Rab8 26. Be3 Rfd8 27. Rc3 h6 28. Rac1 Rbc8 29. Rxc8 Rxc8 30. Kf2 Rxc1 31. Bxc1 Qd1 32. Qe1 Qd3 33. Qd2 Qf1+ 34. Ke3 Qg1+ 35. Ke4 Qh1+ 36. Ke3 Bc6 37. Kd3 Qf3+ 38. Kc4 g6 39. Qc2 h5 40. Qd2 Kh7 41. f5 Qxf5 42. Kb3 Bd5+ 43. Kxa3 Qb1 44. Qh6+ Kg8 45. Qd2 b5 46. h3 Kf8 47. Qh6+ Ke8 0-1

[Event "GER T259-C03-S email"]
[Site "GER email"]
[Date "2017.04.22"]
[Round "?"]
[White "Hoexter, Heinrich"]
[Black "Angermann, Immo Frank"]
[Result "1-0"]
[WhiteElo "2048"]
[BlackElo "1756"]
[PlyCount "91"]
[EventDate "2017.04.28"]
[EventType "tourn (corr)"]
[EventRounds "8"]
[EventCountry "GER"]
[SourceTitle "Corr 2020"]
[Source "ChessBase"]
[SourceDate "2019.09.30"]
[SourceVersion "1"]
[SourceVersionDate "2019.09.30"]
[SourceQuality "1"]

1. e4 e6 2. d4 d5 3. Nd2 Nf6 4. e5 Ne4 5. Nxe4 dxe4 6. Bc4 c5 7. d5 a6 8. a4 exd5 9. Qxd5 Qxd5 10. Bxd5 Nc6 11. Bxe4 Nxe5 12. Bf4 Bd6 13. Ne2 0-0 14. 0-0-0 Bb8 15. Be3 Re8 16. Rhe1 h6 17. Bd5 Ba7 18. Nc3 Nc6 19. Ne4 Be6 20. Bxc6 bxc6 21. Bxc5 Bb8 22. g3 Bc7 23. Nd6 Red8 24. b3 g5 25. Rd4 g4 26. Kb2 Rab8 27. Re3 Kg7 28. Nc4 Rd5 29. Rxd5 cxd5 30. Ne5 Bxe5+ 31. Rxe5 Kg6 32. Bd4 Re8 33. Re3 Rc8 34. c3 Re8 35. Ka3 h5 36. f4 gxf3 37. Rxf3 f5 38. Re3 Kg5 39. Kb4 h4 40. Ka5 f4 41. Re5+ Kg4 42. gxf4 Kxf4 43. b4 h3 44. Kb6 Kf3 45. Kxa6 Kg2 46. Re2+ 1-0

[Event "GER OS-316 email"]
[Site "GER email"]
[Date "2017.03.16"]
[Round "?"]
[White "Angermann, Immo Frank"]
[Black "Krammel, Josef"]
[Result "1/2-1/2"]
[WhiteElo "1817"]
[BlackElo "1699"]
[PlyCount "77"]
[EventDate "2017.03.22"]
[EventType "tourn (corr)"]
[EventRounds "6"]
[EventCountry "GER"]
[SourceTitle "Corr 2020"]
[Source "ChessBase"]
[SourceDate "2019.09.30"]
[SourceVersion "1"]
[SourceVersionDate "2019.09.30"]
[SourceQuality "1"]

1. e4 e5 2. Nf3 Nc6 3. Bc4 Bc5 4. Nc3 Nf6 5. d3 0-0 6. 0-0 h6 7. a3 d6 8. Na4 Bb6 9. b4 Re8 10. h3 Be6 11. Bxe6 Rxe6 12. c4 Nd4 13. Bb2 Nxf3+ 14. Qxf3 Nd7 15. Nxb6 axb6 16. a4 Rg6 17. Kh2 c5 18. b5 Nf8 19. g3 Ne6 20. Bc3 Nd4 21. Qd1 Rf6 22. f4 exf4 23. gxf4 Re6 24. f5 Re8 25. Ra2 Kh7 26. Qh5 Qf6 27. Rg2 Rxa4 28. Bd2 Rg8 29. Bg5 Qe5+ 30. Kh1 Ra3 31. Bf4 Qf6 32. Rfg1 Nxf5 33. exf5 Rxd3 34. Kh2 Rd4 35. Bc1 d5 36. Bb2 dxc4 37. Kh1 Kh8 38. Rg4 Kh7 39. R4g3 1/2-1/2

[Event "GER OS-316 email"]
[Site "GER email"]
[Date "2017.03.16"]
[Round "?"]
[White "Guenther, Rainer"]
[Black "Angermann, Immo Frank"]
[Result "0-1"]
[WhiteElo "1379"]
[BlackElo "1817"]
[PlyCount "78"]
[EventDate "2017.03.22"]
[EventType "tourn (corr)"]
[EventRounds "6"]
[EventCountry "GER"]
[SourceTitle "Corr 2020"]
[Source "ChessBase"]
[SourceDate "2019.09.30"]
[SourceVersion "1"]
[SourceVersionDate "2019.09.30"]
[SourceQuality "1"]

1. e4 c6 2. d4 d5 3. e5 Bf5 4. Nf3 e6 5. Be2 h6 6. Nbd2 Nd7 7. c4 dxc4 8. Nxc4 Nb6 9. Ne3 Be4 10. 0-0 Ne7 11. a4 Nf5 12. Nxf5 Bxf5 13. a5 Nd5 14. Qb3 Rb8 15. Bd2 Be7 16. Ne1 0-0 17. Nc2 Bg5 18. f4 Bxc2 19. Qxc2 Nxf4 20. Bc3 Nxe2+ 21. Qxe2 Qd5 22. Qg4 Rbd8 23. Rf3 f5 24. Qh5 c5 25. h4 Be7 26. Rg3 cxd4 27. Bd2 Qxe5 28. Rg6 Bc5 29. Bxh6 d3+ 30. Kh1 Rf7 31. Bd2 Qe2 32. Qg5 Rd4 33. Bc3 Rg4 34. Qd8+ Kh7 35. Rxg4 fxg4 36. Qg5 Be3 37. Qe5 Rf1+ 38. Rxf1 Qxf1+ 39. Kh2 Bf4+ 0-1

[Event "Rheinhausen-ch op 18th"]
[Site "Rheinhausen"]
[Date "2014.03.21"]
[Round "6"]
[White "Brands, Justin"]
[Black "Angermann, Immo Frank"]
[Result "1-0"]
[WhiteElo "1438"]
[BlackElo "1576"]
[PlyCount "55"]
[EventDate "2014.01.10"]
[EventType "swiss"]
[EventRounds "7"]
[EventCountry "GER"]
[SourceTitle "EXT 2017"]
[Source "ChessBase"]
[SourceDate "2016.10.25"]
[SourceVersion "1"]
[SourceVersionDate "2016.10.25"]
[SourceQuality "1"]

1. d4 Nf6 2. Nf3 g6 3. Nbd2 d5 4. e3 Bg7 5. b4 a6 6. Bb2 0-0 7. Be2 b5 8. 0-0 Bb7 9. a4 bxa4 10. c4 dxc4 11. Qxa4 Bc6 12. Qc2 Qd6 13. Ba3 Bb5 14. Nxc4 Qe6 15. Rfc1 Nd5 16. Bd3 Nc6 17. Rab1 f5 18. Na5 Bxd3 19. Qxd3 Nxa5 20. bxa5 Rfc8 21. Qc4 Qd7 22. Bxe7 c6 23. Ba3 Bh6 24. Ne5 Qc7 25. Rb6 Kg7 26. Rxc6 Qxa5 27. Rxc8 Nxe3 28. Qf7# 1-0

[Event "Rheinhausen-ch op 18th"]
[Site "Rheinhausen"]
[Date "2014.01.10"]
[Round "1"]
[White "Angermann, Immo Frank"]
[Black "Proettel, Swen"]
[Result "0-1"]
[WhiteElo "1576"]
[BlackElo "2156"]
[PlyCount "50"]
[EventDate "2014.01.10"]
[EventType "swiss"]
[EventRounds "7"]
[EventCountry "GER"]
[SourceTitle "EXT 2017"]
[Source "ChessBase"]
[SourceDate "2016.10.25"]
[SourceVersion "1"]
[SourceVersionDate "2016.10.25"]
[SourceQuality "1"]

1. f4 e5 2. d3 Nc6 3. Nf3 exf4 4. Bxf4 d5 5. Nbd2 Nf6 6. e4 Bc5 7. e5 Ng4 8. Nb3 Bf2+ 9. Kd2 Bb6 10. Bg3 0-0 11. d4 f6 12. h3 Nh6 13. Kc1 fxe5 14. dxe5 Nf5 15. Bf4 Ne3 16. Bxe3 Bxe3+ 17. Kb1 Bf5 18. Bd3 Be4 19. Qe2 Bxf3 20. gxf3 Qg5 21. e6 Rae8 22. Re1 Rxe6 23. Nc5 Re7 24. Nb3 Bd2 25. Bxh7+ Kh8 0-1

[Event "GER-ch 2013-E-V2 post"]
[Site "GER email"]
[Date "2014.??.??"]
[Round "?"]
[White "Angermann, Immo Frank"]
[Black "Mathias, Manfred"]
[Result "0-1"]
[WhiteElo "1733"]
[BlackElo "2004"]
[PlyCount "66"]
[EventDate "2013.11.15"]
[EventType "tourn (corr)"]
[EventRounds "6"]
[EventCountry "GER"]
[SourceTitle "Corr 2015"]
[Source "ChessBase"]
[SourceDate "2015.07.17"]
[SourceVersion "1"]
[SourceVersionDate "2015.07.17"]
[SourceQuality "1"]

1. e4 c5 2. Nf3 Nc6 3. d4 cxd4 4. Nxd4 g6 5. Be3 Bg7 6. c3 Nf6 7. Nd2 0-0 8. Be2 d5 9. Nxc6 bxc6 10. e5 Ne8 11. Qa4 Bxe5 12. Qxc6 Rb8 13. Nb3 Nf6 14. Bxa7 Bd7 15. Qc5 Rb7 16. Qe3 Qc7 17. Bd4 Bd6 18. Ba6 Rbb8 19. Ba7 Ra8 20. Bb6 Qb8 21. Be2 Bf4 22. Qf3 Bg4 23. Qd3 Qxb6 24. Bxg4 Nxg4 25. Qf3 Ra4 26. g3 Ne5 27. Qd1 Qb5 28. gxf4 Rxf4 29. Qc2 Nd3+ 30. Kf1 Qb6 31. Nd4 Rxf2+ 32. Qxf2 Nxf2 33. Kxf2 e5 0-1

[Event "GER-ch 2014-C-V3 serv"]
[Site "GER email"]
[Date "2014.??.??"]
[Round "?"]
[White "Klapp, Herwig"]
[Black "Angermann, Immo Frank"]
[Result "1-0"]
[WhiteElo "2115"]
[BlackElo "1670"]
[PlyCount "55"]
[EventDate "2014.07.10"]
[EventType "tourn (corr)"]
[EventRounds "6"]
[EventCountry "GER"]
[SourceTitle "Corr 2015"]
[Source "ChessBase"]
[SourceDate "2015.07.17"]
[SourceVersion "1"]
[SourceVersionDate "2015.07.17"]
[SourceQuality "1"]

1. e4 c6 2. d4 d5 3. Nd2 dxe4 4. Nxe4 Bf5 5. Ng3 Bg6 6. Nf3 e6 7. Bd3 Nf6 8. 0-0 Nbd7 9. Re1 Qc7 10. c4 Bb4 11. Re2 Be7 12. a3 a5 13. Bxg6 hxg6 14. Qc2 b6 15. Ng5 Nf8 16. h3 Nh5 17. Nxh5 Rxh5 18. Nf3 a4 19. Bd2 Bd6 20. Rae1 Qb7 21. Ng5 Be7 22. Nxe6 fxe6 23. Rxe6 Ra7 24. Rxe7+ Qxe7 25. Rxe7+ Kxe7 26. Qe4+ Kd7 27. Bb4 c5 28. dxc5 1-0